[Event "DVM U20 2019"]
[Site "Braunschweig"]
[Date "2019.12.29"]
[Round "6"]
[White "Brunner, Wilken"]
[Black "Weisheit, Erik"]
[Result "1-0"]
[WhiteElo "1978"]
[BlackElo "1944"]
[Annotator "NA"]
[PlyCount "51"]
[EventDate "2019.12.27"]
[EventType "team-tourn"]
[EventRounds "7"]
[EventCountry "GER"]
[SourceTitle "playchess.com"]
[Source "ChessBase"]
[SourceQuality "1"]
[WhiteTeam "Karlsruher SF"]
[BlackTeam "SF Augsburg"]
[TimeControl "40/5400+30:1800+30"]

1. d4 Nf6 2. c4 g6 3. Nc3 Bg7 4. e4 d6 5. Nge2 O-O 6. Ng3 c5 7. d5 Na6 8. f3 Nc7 9. Be3 a6 10. Qd2 Re8 11. Be2 Rb8 12. h4 h5 13. e5 Nd7 14. exd6 exd6 15. Bg5 f6 16. Bh6 Ne5 17. O-O b5 18. Bxg7 Kxg7 19. f4 Nxc4 20. Bxc4 bxc4 21. f5 Re5 22. fxg6 Qe8 23. Rae1 Qxg6 {normal} 24. Rxe5 fxe5 {normal} 25. Nce4 {normal} Ne8 26. Qf2 {normal} 1-0

[Event "DVM U20 2019"]
[Site "Braunschweig"]
[Date "2019.12.29"]
[Round "6"]
[White "Brockmeyer, Tobias"]
[Black "Mundt, Alexandra"]
[Result "1-0"]
[WhiteElo "1902"]
[BlackElo "1775"]
[Annotator "NA"]
[PlyCount "49"]
[EventDate "2019.12.27"]
[EventType "team-tourn"]
[EventRounds "7"]
[EventCountry "GER"]
[SourceTitle "playchess.com"]
[Source "ChessBase"]
[SourceQuality "1"]
[WhiteTeam "SK Lehrte 1919"]
[BlackTeam "Lübecker SV"]
[TimeControl "40/5400+30:1800+30"]

1. d4 Nf6 2. c4 e6 3. Nc3 d5 4. cxd5 Nxd5 5. e4 Nb6 6. Nf3 {[%emt 0:00:00]} Be7 {[%emt 0:04:16]} 7. Be3 {[%emt 0:00:04]} N8d7 {[%emt 0:04:53]} 8. Be2 {[%emt 0:01:53]} Nf6 {[%emt 0:02:32]} 9. O-O {[%emt 0:01:09]} O-O {[%emt 0:02:04]} 10. h3 {[%emt 0:05:11]} Bd7 {[%emt 0:07:23]} 11. Qd2 {[%emt 0:03:32]} Bb4 {[%emt 0:06:28]} 12. Bd3 {[%emt 0:05:15]} Bc6 {[%emt 0:11:06]} 13. Qc2 {[%emt 0:02:40]} h6 {[%emt 0:00:37]} 14. Rfe1 {[%emt 0:06:37]} Qd7 {[%emt 0:07:28]} 15. Rac1 {[%emt 0:06:44]} a6 {[%emt 0:02:09]} 16. Ne5 {[%emt 0:05:56]} Qe8 {[%emt 0:00:17]} 17. g4 {[%emt 0:06:25]} Nfd7 {[%emt 0:01:22]} 18. Nxc6 {[%emt 0:03:52]} bxc6 {[%emt 0:00:01]} 19. g5 {[%emt 0:04:07]} hxg5 {[%emt 0:03:40]} 20. Bxg5 {[%emt 0:03:20]} e5 {[%emt 0:15:39]} 21. Be3 {[%emt 0:02:39]} Qe6 {[%emt 0:03:31]} 22. Kg2 {[%emt 0:06:38]} Qg6+ {[%emt 0:03:46]} 23. Kh1 Qh5 {[%emt 0:05:04]} 24. Bf1 {[%emt 0:06:26]} Rae8 {[%emt 0:10:06]} 25. Qe2 {[%emt 0:05:06] normal} 1-0

[Event "DVM U20 2019"]
[Site "Braunschweig"]
[Date "2019.12.29"]
[Round "6"]
[White "Rauch, Sören"]
[Black "Richter, Philipp"]
[Result "0-1"]
[WhiteElo "1901"]
[BlackElo "2084"]
[Annotator "NA"]
[PlyCount "74"]
[EventDate "2019.12.27"]
[EventType "team-tourn"]
[EventRounds "7"]
[EventCountry "GER"]
[SourceTitle "playchess.com"]
[Source "ChessBase"]
[SourceQuality "1"]
[WhiteTeam "SG Trier"]
[BlackTeam "USV TU Dresden"]
[TimeControl "40/5400+30:1800+30"]

1. d4 {[%emt 0:00:00]} Nf6 {[%emt 0:00:00]} 2. Nf3 {[%emt 0:00:00]} c5 {[%emt 0:00:00]} 3. c3 {[%emt 0:00:17]} d5 {[%emt 0:00:00]} 4. Bf4 {[%emt 0:00:04]} Nc6 {[%emt 0:00:43]} 5. e3 {[%emt 0:00:03]} Qb6 {[%emt 0:00:13]} 6. Qb3 c4 {[%emt 0:00:08]} 7. Qxb6 {[%emt 0:00:17]} axb6 {[%emt 0:00:06]} 8. Nbd2 {[%emt 0:00:00]} b5 {[%emt 0:00:52]} 9. Be2 {[%emt 0:00:05]} b4 {[%emt 0:01:12]} 10. O-O {[%emt 0:00:33]} Bf5 {[%emt 0:00:52]} 11. Ne5 {[%emt 0:02:54]} bxc3 {[%emt 0:11:31]} 12. bxc3 {[%emt 0:00:16]} Nxe5 {[%emt 0:00:25]} 13. dxe5 {[%emt 0:02:00]} Ne4 {[%emt 0:03:03]} 14. Nxe4 {[%emt 0:01:08]} Bxe4 {[%emt 0:00:09]} 15. a4 {[%emt 0:01:53]} Ra5 {[%emt 0:02:22]} 16. Bf3 {[%emt 0:08:51]} Bd3 {[%emt 0:05:00]} 17. Rfd1 {[%emt 0:01:13]} e6 {[%emt 0:01:56]} 18. Rd2 {[%emt 0:00:52]} Kd7 {[%emt 0:00:37]} 19. Rb2 {[%emt 0:11:59]} Kc6 {[%emt 0:01:41]} 20. Rb5 {[%emt 0:01:04]} Ra6 {[%emt 0:03:23]} 21. Bd1 {[%emt 0:02:51]} Bc5 {[%emt 0:05:52]} 22. h4 {[%emt 0:02:43]} h5 {[%emt 0:02:49]} 23. Ra2 {[%emt 0:06:24]} Bg6 {[%emt 0:01:21]} 24. Kf1 {[%emt 0:03:41]} f6 {[%emt 0:02:00]} 25. Ke2 {[%emt 0:04:01]} Rha8 {[%emt 0:01:18]} 26. Kd2 {[%emt 0:02:19]} Be8 {[%emt 0:05:31]} 27. Kc1 {[%emt 0:04:51]} b6 {[%emt 0:02:51]} 28. Rb1 {[%emt 0:06:55]} Kb7 {[%emt 0:00:56]} 29. Rba1 {[%emt 0:03:25]} b5 {[%emt 0:00:46]} 30. exf6 {[%emt 0:00:20]} gxf6 {[%emt 0:00:14]} 31. g4 {[%emt 0:06:12]} e5 {[%emt 0:07:00]} 32. Bg3 hxg4 {[%emt 0:00:41]} 33. Bxg4 {[%emt 0:02:22]} bxa4 {[%emt 0:00:43]} 34. Rd2 {[%emt 0:03:36]} Rd8 {[%emt 0:04:38]} 35. h5 {[%emt 0:02:12]} a3 {[%emt 0:05:21]} 36. Be2 {[%emt 0:02:30]} Kc7 {[%emt 0:01:41]} 37. e4 {[%emt 0:03:03]} Bf7 {normal} 0-1

[Event "DVM U20 2019"]
[Site "Braunschweig"]
[Date "2019.12.29"]
[Round "6"]
[White "Vuckovic, Robert"]
[Black "Wiesner, Alexander"]
[Result "0-1"]
[WhiteElo "1897"]
[BlackElo "1960"]
[Annotator "NA"]
[PlyCount "78"]
[EventDate "2019.12.27"]
[EventType "team-tourn"]
[EventRounds "7"]
[EventCountry "GER"]
[SourceTitle "playchess.com"]
[Source "ChessBase"]
[SourceQuality "1"]
[WhiteTeam "SF Augsburg"]
[BlackTeam "Karlsruher SF"]
[TimeControl "40/5400+30:1800+30"]

1. e4 {[%emt 0:00:00]} c5 {[%emt 0:00:00]} 2. Nc3 {[%emt 0:00:00]} g6 {[%emt 0:00:05]} 3. g3 {[%emt 0:00:34]} Bg7 {[%emt 0:00:11]} 4. d3 {[%emt 0:00:09]} Nc6 {[%emt 0:00:29]} 5. Be3 {[%emt 0:10:08]} b6 {[%emt 0:01:49]} 6. Bg2 {[%emt 0:00:30]} Bb7 {[%emt 0:00:30]} 7. Qd2 {[%emt 0:00:30]} d6 {[%emt 0:00:30]} 8. f4 {[%emt 0:00:30]} e6 {[%emt 0:00:30]} 9. Nf3 {[%emt 0:00:00]} Nge7 {[%emt 0:15:21]} 10. O-O {[%emt 0:00:00]} d5 {[%emt 0:11:22]} 11. Bf2 {[%emt 0:00:00]} dxe4 {[%emt 0:03:40]} 12. Nxe4 {[%emt 0:00:00]} Bxb2 {[%emt 0:01:30]} 13. Rab1 {[%emt 0:00:00]} Bg7 {[%emt 0:09:15]} 14. Nxc5 {[%emt 0:00:00]} Bc8 {[%emt 0:00:29]} 15. Ne4 {[%emt 0:00:00]} O-O {[%emt 0:03:36]} 16. h3 {[%emt 0:02:01]} Qc7 {[%emt 0:05:18]} 17. Rfe1 {[%emt 0:03:31]} Bb7 {[%emt 0:02:03]} 18. g4 {[%emt 0:00:11]} Nd5 {[%emt 0:14:47]} 19. g5 {[%emt 0:11:23]} Qxf4 {[%emt 0:04:26]} 20. Qe2 {[%emt 0:00:36]} Nc3 {[%emt 0:04:54]} 21. Nxc3 {[%emt 0:00:30]} Bxc3 {[%emt 0:00:06]} 22. Rf1 {[%emt 0:00:34]} Ne7 {[%emt 0:03:50]} 23. Be3 {[%emt 0:00:43]} Qg3 {[%emt 0:00:32]} 24. Rb3 {[%emt 0:01:06]} Be5 {[%emt 0:03:14]} 25. d4 {[%emt 0:01:53]} Bf4 {[%emt 0:02:19]} 26. Bxf4 {[%emt 0:01:50]} Qxf4 {[%emt 0:00:05]} 27. c3 {[%emt 0:00:14]} Qg3 {[%emt 0:00:39]} 28. Rf2 {[%emt 0:01:02]} Bxf3 {[%emt 0:04:25]} 29. Rxf3 {[%emt 0:00:02]} Qxg5 {[%emt 0:00:09]} 30. Rb5 {[%emt 0:00:27]} Qh4 {[%emt 0:00:37]} 31. Re5 {[%emt 0:02:47]} Rac8 {[%emt 0:00:44]} 32. Re4 {[%emt 0:04:12]} Qg5 {[%emt 0:00:39]} 33. Qe1 {[%emt 0:03:43]} Nf5 {[%emt 0:00:21]} 34. h4 {[%emt 0:01:32]} Qd8 {[%emt 0:02:53]} 35. Rg4 {[%emt 0:02:05]} h5 {[%emt 0:01:42]} 36. Rg5 {[%emt 0:00:36]} Kh7 {[%emt 0:00:38]} 37. Bh3 {[%emt 0:05:19]} Qc7 {[%emt 0:02:18]} 38. Bxf5 {[%emt 0:01:21]} exf5 {[%emt 0:00:09]} 39. Qd2 {[%emt 0:01:36]} f4 {[%emt 0:02:00] normal} 0-1

[Event "DVM U20 2019"]
[Site "Braunschweig"]
[Date "2019.12.29"]
[Round "6"]
[White "Fuhrmann, Aeke"]
[Black "Doepper, Anna Berenice"]
[Result "1-0"]
[WhiteElo "1879"]
[BlackElo "1855"]
[Annotator "NA"]
[PlyCount "105"]
[EventDate "2019.12.27"]
[EventType "team-tourn"]
[EventRounds "7"]
[EventCountry "GER"]
[SourceTitle "playchess.com"]
[Source "ChessBase"]
[SourceQuality "1"]
[WhiteTeam "Hamburger SK"]
[BlackTeam "SF Essen-Katernberg"]
[TimeControl "40/5400+30:1800+30"]

1. c4 {[%emt 0:00:00]} e5 {[%emt 0:00:00]} 2. g3 {[%emt 0:00:00]} Nf6 {[%emt 0:00:00]} 3. Bg2 {[%emt 0:00:01]} c6 {[%emt 0:00:00]} 4. d4 {[%emt 0:00:23]} exd4 {[%emt 0:00:06]} 5. Qxd4 {[%emt 0:00:09]} d5 {[%emt 0:00:06]} 6. cxd5 {[%emt 0:00:18]} cxd5 {[%emt 0:00:06]} 7. Nf3 {[%emt 0:00:30]} Nc6 {[%emt 0:00:09]} 8. Qa4 {[%emt 0:00:07]} Be7 {[%emt 0:03:12]} 9. O-O {[%emt 0:02:36]} O-O {[%emt 0:00:06]} 10. Be3 {[%emt 0:03:55]} Be6 {[%emt 0:02:28]} 11. Nd4 {[%emt 0:01:27]} Qd7 {[%emt 0:02:20]} 12. Nxe6 {[%emt 0:02:29]} fxe6 {[%emt 0:00:11]} 13. Nc3 {[%emt 0:04:50]} Rad8 {[%emt 0:11:19]} 14. Rad1 {[%emt 0:03:30]} a6 {[%emt 0:02:39]} 15. Bb6 {[%emt 0:01:43]} Rc8 {[%emt 0:01:27]} 16. e4 {[%emt 0:04:26]} Ne5 {[%emt 0:07:41]} 17. exd5 {[%emt 0:11:12]} Qxa4 {[%emt 0:01:51]} 18. Nxa4 {[%emt 0:00:07]} exd5 {[%emt 0:00:23]} 19. Bxd5+ {[%emt 0:01:27]} Nxd5 {[%emt 0:00:05]} 20. Rxd5 {[%emt 0:00:05]} Nc6 {[%emt 0:00:06]} 21. Rd7 {[%emt 0:04:35]} Rb8 {[%emt 0:04:46]} 22. Bc5 {[%emt 0:07:07]} Bxc5 {[%emt 0:02:28]} 23. Nxc5 {[%emt 0:00:13]} Ne5 {[%emt 0:06:15]} 24. Rd5 {[%emt 0:07:59]} Rf5 {[%emt 0:06:05]} 25. Kg2 {[%emt 0:05:20]} Rbf8 {[%emt 0:03:21]} 26. Nxb7 {[%emt 0:03:45]} Nc4 {[%emt 0:02:02]} 27. Rxf5 {[%emt 0:02:12]} Rxf5 {[%emt 0:00:05]} 28. b3 {[%emt 0:00:05]} Nd2 {[%emt 0:00:14]} 29. Re1 {[%emt 0:02:13]} Rd5 {[%emt 0:01:17]} 30. Rd1 {[%emt 0:02:44]} Kf7 {[%emt 0:00:36]} 31. Nc5 {[%emt 0:01:27]} Rxc5 {[%emt 0:00:22]} 32. Rxd2 {[%emt 0:00:06]} Rc6 {[%emt 0:00:04]} 33. Rd5 {[%emt 0:01:55]} Re6 {[%emt 0:01:25]} 34. g4 {[%emt 0:01:02]} h6 {[%emt 0:02:37]} 35. Kg3 {[%emt 0:00:40]} g5 {[%emt 0:01:19]} 36. h3 {[%emt 0:01:53]} Kg6 {[%emt 0:02:08]} 37. Ra5 {[%emt 0:00:18]} Rd6 {[%emt 0:01:01]} 38. f3 {[%emt 0:00:20]} Rc6 {[%emt 0:00:08]} 39. b4 {[%emt 0:01:56]} Rb6 {[%emt 0:03:10]} 40. a3 {[%emt 0:01:10]} Rd6 {[%emt 0:02:08]} 41. a4 {[%emt 0:30:36]} Kg7 {[%emt 0:30:53]} 42. h4 {[%emt 0:01:22]} Kg6 {[%emt 0:01:22]} 43. b5 {[%emt 0:01:42]} axb5 {[%emt 0:00:05]} 44. axb5 {[%emt 0:00:05]} Rd5 {[%emt 0:00:04]} 45. Ra6+ {[%emt 0:00:34]} Kg7 {[%emt 0:00:04]} 46. b6 {[%emt 0:02:08]} Rb5 {[%emt 0:00:04]} 47. Ra7+ {[%emt 0:00:05]} Kg6 {[%emt 0:00:06]} 48. Rb7 {[%emt 0:00:18]} Rb3 {[%emt 0:00:43]} 49. hxg5 {[%emt 0:00:30]} hxg5 {[%emt 0:00:05]} 50. Rb8 {[%emt 0:00:04] normal} Kg7 {[%emt 0:00:36]} 51. b7 {[%emt 0:00:28]} Rb2 {[%emt 0:00:16] normal} 52. Kh3 {normal} Kf7 {[%emt 0:00:15]} 53. Rh8 {[%emt 0:01:53] normal} 1-0

[Event "DVM U20 2019"]
[Site "Braunschweig"]
[Date "2019.12.29"]
[Round "6"]
[White "Freiherr von Hauff, Christopher"]
[Black "Keller, Yannik"]
[Result "0-1"]
[WhiteElo "1868"]
[BlackElo "2020"]
[Annotator "NA"]
[PlyCount "122"]
[EventDate "2019.12.27"]
[EventType "team-tourn"]
[EventRounds "7"]
[EventCountry "GER"]
[SourceTitle "playchess.com"]
[Source "ChessBase"]
[SourceQuality "1"]
[WhiteTeam "SK Bebenhausen"]
[BlackTeam "Sges Bensheim"]
[TimeControl "40/5400+30:1800+30"]

1. e4 {[%emt 0:00:00]} e5 {[%emt 0:00:00]} 2. Nf3 {[%emt 0:00:00]} Nc6 {[%emt 0:00:00]} 3. Bc4 {[%emt 0:00:00]} Nf6 {[%emt 0:00:00]} 4. Ng5 {[%emt 0:00:03]} d5 {[%emt 0:00:01]} 5. exd5 {[%emt 0:00:20]} Na5 {[%emt 0:00:42]} 6. d3 {[%emt 0:01:10]} Nxc4 {[%emt 0:13:46]} 7. dxc4 {[%emt 0:00:07]} h6 {[%emt 0:02:45]} 8. Nf3 {[%emt 0:00:15]} Bd6 {[%emt 0:01:12]} 9. Nc3 {[%emt 0:02:36]} O-O {[%emt 0:01:21]} 10. h3 {[%emt 0:10:27]} Bf5 {[%emt 0:10:08]} 11. Be3 {[%emt 0:02:25]} Qe7 {[%emt 0:02:37]} 12. Qe2 {[%emt 0:06:31]} c6 {[%emt 0:05:08]} 13. g4 {[%emt 0:07:48]} Bh7 {[%emt 0:03:29]} 14. g5 {[%emt 0:01:11]} hxg5 {[%emt 0:00:06]} 15. Bxg5 {[%emt 0:01:08]} e4 {[%emt 0:02:04]} 16. Nd2 {[%emt 0:03:23]} Qe5 {[%emt 0:11:05]} 17. Bxf6 {[%emt 0:19:52]} Qxf6 {[%emt 0:00:09]} 18. O-O-O {[%emt 0:02:52]} Rfe8 {[%emt 0:05:32]} 19. Kb1 {[%emt 0:10:06]} Rac8 {[%emt 0:04:50]} 20. Rhg1 {[%emt 0:02:40]} Qe5 {[%emt 0:17:11]} 21. Nb3 {[%emt 0:04:39]} Bb4 {[%emt 0:04:22]} 22. Rg3 {[%emt 0:00:44]} cxd5 {[%emt 0:02:41]} 23. Nxd5 {[%emt 0:02:25]} Bf8 {[%emt 0:00:34]} 24. Rdg1 {[%emt 0:04:24]} b5 {[%emt 0:00:36]} 25. Rg5 {[%emt 0:00:32]} f5 {[%emt 0:02:39]} 26. Ne3 {[%emt 0:01:26]} bxc4 {[%emt 0:02:52]} 27. Nxc4 {[%emt 0:00:58]} Qb5 {[%emt 0:01:21]} 28. Nbd2 {[%emt 0:01:37]} Rc7 {[%emt 0:01:54]} 29. Qh5 {[%emt 0:01:39]} Re6 {[%emt 0:00:59]} 30. Ne3 {[%emt 0:02:41]} Qc6 {[%emt 0:00:30]} 31. Nb3 {[%emt 0:04:25]} Rh6 {[%emt 0:01:15]} 32. Qe2 {[%emt 0:00:24]} Rf7 {[%emt 0:01:45]} 33. Nd4 {[%emt 0:00:55]} Qc5 {[%emt 0:00:43]} 34. c3 {[%emt 0:02:33]} Be7 {[%emt 0:00:27]} 35. R5g2 {[%emt 0:01:06]} Rb6 {[%emt 0:00:18]} 36. Qh5 {[%emt 0:01:01]} Qxc3 {[%emt 0:01:54]} 37. Nb3 {[%emt 0:01:57]} Qe5 {[%emt 0:00:37]} 38. Nc4 {[%emt 0:00:42]} Qf6 {[%emt 0:00:45]} 39. Nxb6 {[%emt 0:00:15]} Qxb6 {[%emt 0:00:11]} 40. Rc1 {[%emt 0:01:01]} Rf8 {[%emt 0:00:36]} 41. Qd1 {[%emt 0:02:56]} Bf6 {[%emt 0:03:47]} 42. Qd5+ {[%emt 0:01:43]} Kh8 {[%emt 0:00:58]} 43. Rc6 {[%emt 0:05:29]} Qb7 {[%emt 0:02:50]} 44. Rd6 {[%emt 0:10:05]} Qb4 {[%emt 0:03:48]} 45. Rg1 {[%emt 0:02:17]} f4 {[%emt 0:01:04]} 46. Qc5 {[%emt 0:04:10]} Qb8 {[%emt 0:03:03]} 47. Rd7 {[%emt 0:00:57]} Re8 {[%emt 0:05:02]} 48. Ka1 {[%emt 0:01:55]} e3 {[%emt 0:01:05]} 49. fxe3 {[%emt 0:01:09]} fxe3 {[%emt 0:00:40]} 50. Re1 {[%emt 0:02:04]} Qg3 {[%emt 0:04:15]} 51. Rdd1 {[%emt 0:02:19]} Qf2 {[%emt 0:03:10]} 52. Rb1 {[%emt 0:01:02]} Bxb2+ {[%emt 0:01:38]} 53. Rxb2 {[%emt 0:00:07]} Qxe1+ {[%emt 0:00:08]} 54. Qc1 {[%emt 0:00:33]} Qg3 {[%emt 0:00:52]} 55. Nd4 {[%emt 0:01:18]} Qxh3 {[%emt 0:01:16]} 56. Re2 {[%emt 0:00:40]} Qg4 {[%emt 0:01:34]} 57. Qc3 {[%emt 0:00:39]} Rd8 {[%emt 0:01:19]} 58. Rxe3 {[%emt 0:00:46]} Qxd4 {[%emt 0:00:46]} 59. Re8+ {[%emt 0:00:16]} Bg8 {[%emt 0:00:06]} 60. Qxd4 {[%emt 0:00:24]} Rxd4 {[%emt 0:00:07] normal} 61. Kb2 {[%emt 0:00:27]} Rd2+ {[%emt 0:00:07] normal} 0-1

[Event "DVM U20 2019"]
[Site "Braunschweig"]
[Date "2019.12.29"]
[Round "6"]
[White "Schamschurko, Andre"]
[Black "Düro, Liam"]
[Result "1-0"]
[WhiteElo "1868"]
[BlackElo "1841"]
[Annotator "NA"]
[PlyCount "44"]
[EventDate "2019.12.27"]
[EventType "team-tourn"]
[EventRounds "7"]
[EventCountry "GER"]
[SourceTitle "playchess.com"]
[Source "ChessBase"]
[SourceQuality "1"]
[WhiteTeam "USV TU Dresden"]
[BlackTeam "SG Trier"]
[TimeControl "40/5400+30:1800+30"]

1. e4 {[%emt 0:00:00]} c6 {[%emt 0:00:00]} 2. d4 {[%emt 0:00:00]} d5 {[%emt 0:00:00]} 3. f3 {[%emt 0:00:11]} dxe4 {[%emt 0:01:19]} 4. fxe4 {[%emt 0:00:05]} e5 {[%emt 0:00:05]} 5. Nf3 {[%emt 0:00:09]} exd4 {[%emt 0:01:27]} 6. Bc4 Nf6 {[%emt 0:05:30]} 7. O-O {[%emt 0:04:08]} Be7 {[%emt 0:10:23]} 8. Ng5 {[%emt 0:03:26]} O-O {[%emt 0:11:54]} 9. Nxf7 {[%emt 0:00:35]} Qb6 {[%emt 0:02:16]} 10. Ng5+ {[%emt 0:17:41]} Kh8 {[%emt 0:01:11]} 11. e5 {[%emt 0:00:43]} d3+ {[%emt 0:10:05]} 12. Kh1 {[%emt 0:00:52]} Nfd7 {[%emt 0:10:04]} 13. Rxf8+ {[%emt 0:02:13]} Nxf8 {[%emt 0:01:08]} 14. Nf7+ {[%emt 0:14:31]} Kg8 {[%emt 0:00:14]} 15. Qxd3 {[%emt 0:11:02]} Be6 {[%emt 0:04:03]} 16. Bxe6 {[%emt 0:03:03]} Nxe6 {[%emt 0:00:15]} 17. Nd6 {[%emt 0:00:30]} Qf2 {[%emt 0:02:10]} 18. Bd2 {[%emt 0:05:25]} Bxd6 {[%emt 0:07:09]} 19. exd6 {[%emt 0:00:38]} Nd7 {[%emt 0:01:30]} 20. Nc3 {[%emt 0:02:03]} Ne5 21. Qe4 {[%emt 0:12:11]} Rf8 {[%emt 0:08:06]} 22. Ne2 {[%emt 0:02:33]} Nd4 {[%emt 0:06:08] normal} 1-0

[Event "DVM U20 2019"]
[Site "Braunschweig"]
[Date "2019.12.29"]
[Round "6"]
[White "Hennemann, Florian"]
[Black "Grimm, Ling Leander"]
[Result "1-0"]
[WhiteElo "1865"]
[BlackElo "1777"]
[Annotator "NA"]
[PlyCount "93"]
[EventDate "2019.12.27"]
[EventType "team-tourn"]
[EventRounds "7"]
[EventCountry "GER"]
[SourceTitle "playchess.com"]
[Source "ChessBase"]
[SourceQuality "1"]
[WhiteTeam "Sges Bensheim"]
[BlackTeam "SK Bebenhausen"]
[TimeControl "40/5400+30:1800+30"]

1. e4 {[%emt 0:00:00]} c5 {[%emt 0:00:00]} 2. Nf3 {[%emt 0:00:00]} Nc6 {[%emt 0:00:11]} 3. d4 {[%emt 0:00:00]} cxd4 {[%emt 0:00:09]} 4. Nxd4 {[%emt 0:00:00]} g6 {[%emt 0:00:25]} 5. Be3 {[%emt 0:00:08]} Nf6 {[%emt 0:00:24]} 6. Nc3 {[%emt 0:00:08]} Bg7 {[%emt 0:00:10]} 7. Bc4 {[%emt 0:00:16]} O-O {[%emt 0:00:10]} 8. Bb3 {[%emt 0:00:25]} a5 {[%emt 0:00:14]} 9. f3 {[%emt 0:03:09]} d5 {[%emt 0:00:23]} 10. Bxd5 {[%emt 0:09:56]} Nxd5 {[%emt 0:02:24]} 11. exd5 {[%emt 0:00:32]} Nb4 {[%emt 0:00:13]} 12. Nde2 {[%emt 0:08:29]} Bf5 {[%emt 0:00:50]} 13. Rc1 {[%emt 0:01:13]} b5 {[%emt 0:07:47]} 14. a3 {[%emt 0:03:51]} Nxc2+ {[%emt 0:02:18]} 15. Rxc2 {[%emt 0:00:14]} Bxc2 {[%emt 0:00:13]} 16. Qxc2 {[%emt 0:00:04]} b4 {[%emt 0:00:58]} 17. Nb5 {[%emt 0:10:27]} Rc8 {[%emt 0:09:55]} 18. Qd2 {[%emt 0:02:29]} Qd7 {[%emt 0:01:49]} 19. a4 {[%emt 0:04:01]} Qf5 {[%emt 0:01:03]} 20. O-O {[%emt 0:12:00]} Rfd8 {[%emt 0:10:56]} 21. d6 {[%emt 0:02:30]} Be5 {[%emt 0:05:57]} 22. Ned4 {[%emt 0:08:57]} Qh5 {[%emt 0:04:07]} 23. g4 {[%emt 0:08:47]} Qh3 {[%emt 0:03:23]} 24. dxe7 {[%emt 0:00:09]} Re8 {[%emt 0:03:28]} 25. Bg5 {[%emt 0:02:22]} f6 {[%emt 0:05:15]} 26. Bf4 {[%emt 0:03:57]} Rxe7 {[%emt 0:01:10]} 27. Bxe5 {[%emt 0:01:48]} Rxe5 {[%emt 0:07:14]} 28. Nc6 {[%emt 0:02:45]} Rxc6 {[%emt 0:05:46]} 29. Qd8+ {[%emt 0:00:07]} Kg7 {[%emt 0:00:06]} 30. Qd7+ {[%emt 0:00:06]} Kh6 {[%emt 0:00:08]} 31. Qxc6 {[%emt 0:00:56]} Re2 {[%emt 0:00:16]} 32. Qc1+ {[%emt 0:00:49]} g5 {[%emt 0:01:21]} 33. Rf2 {[%emt 0:00:09]} Rxf2 {[%emt 0:01:17]} 34. Kxf2 {[%emt 0:00:01]} Qxh2+ {[%emt 0:00:20]} 35. Ke1 {[%emt 0:00:03]} Qh1+ {[%emt 0:00:36]} 36. Kd2 {[%emt 0:00:13]} Qxf3 {[%emt 0:00:14]} 37. Qg1 {[%emt 0:02:26]} Qf4+ {[%emt 0:04:33]} 38. Kd3 {[%emt 0:05:22]} Qf3+ {[%emt 0:01:00]} 39. Kd4 {[%emt 0:03:22]} Qb3 {[%emt 0:01:55]} 40. Kc5 {[%emt 0:05:27]} Qxb2 {[%emt 0:06:45]} 41. Nd4 {[%emt 0:31:21]} Qc3+ {[%emt 0:34:26]} 42. Kb5 {[%emt 0:00:11]} Qd3+ {[%emt 0:01:25]} 43. Kxa5 {[%emt 0:00:20]} b3 {[%emt 0:00:30]} 44. Qh2+ {[%emt 0:00:00]} Kg6 {[%emt 0:00:00]} 45. Qh5+ {[%emt 0:00:00]} Kg7 {[%emt 0:00:00]} 46. Ne6+ {[%emt 0:00:00]} Kg8 {[%emt 0:00:00]} 47. Qe8# {[%emt 0:00:00] normal Kf8} 1-0

[Event "DVM U20 2019"]
[Site "Braunschweig"]
[Date "2019.12.29"]
[Round "6"]
[White "Liess, Alexander"]
[Black "Spaeth, Rene"]
[Result "1-0"]
[WhiteElo "1852"]
[BlackElo "1584"]
[Annotator "NA"]
[PlyCount "67"]
[EventDate "2019.12.27"]
[EventType "team-tourn"]
[EventRounds "7"]
[EventCountry "GER"]
[SourceTitle "playchess.com"]
[Source "ChessBase"]
[SourceQuality "1"]
[WhiteTeam "SC Bavaria Regensburg"]
[BlackTeam "SF HN-Biberach"]
[TimeControl "40/5400+30:1800+30"]

1. d4 {[%emt 0:00:00]} d5 {[%emt 0:00:00]} 2. c4 {[%emt 0:00:00]} e6 {[%emt 0:00:00]} 3. Nf3 {[%emt 0:00:02]} Nf6 {[%emt 0:00:00]} 4. g3 {[%emt 0:00:18]} Nbd7 {[%emt 0:01:38]} 5. Bg2 {[%emt 0:02:34]} c6 {[%emt 0:03:34]} 6. b3 {[%emt 0:04:44]} Bd6 {[%emt 0:01:17]} 7. Bb2 {[%emt 0:01:18]} O-O {[%emt 0:00:58]} 8. Nc3 {[%emt 0:01:15]} dxc4 {[%emt 0:04:02]} 9. bxc4 {[%emt 0:02:54]} e5 {[%emt 0:01:09]} 10. d5 {[%emt 0:08:51]} cxd5 {[%emt 0:05:23]} 11. cxd5 {[%emt 0:04:37]} Re8 {[%emt 0:02:57]} 12. O-O {[%emt 0:11:53]} Nb6 {[%emt 0:06:10]} 13. e4 {[%emt 0:07:28]} Bg4 {[%emt 0:04:45]} 14. Qb3 {[%emt 0:02:45]} Rc8 {[%emt 0:04:16]} 15. Nd2 {[%emt 0:05:31]} Qd7 {[%emt 0:03:21]} 16. a4 {[%emt 0:04:35]} Qd8 {[%emt 0:14:50]} 17. Nb5 {[%emt 0:08:58]} a6 {[%emt 0:05:51]} 18. Nxd6 {[%emt 0:07:14]} Qxd6 {[%emt 0:00:20]} 19. h3 {[%emt 0:00:22]} Bh5 {[%emt 0:00:58]} 20. Ba3 {[%emt 0:04:34]} Qd8 {[%emt 0:01:48]} 21. Rfc1 {[%emt 0:00:29]} Nbd7 {[%emt 0:06:25]} 22. Qxb7 {[%emt 0:02:33]} Rb8 {[%emt 0:00:58]} 23. Qc7 {[%emt 0:01:49]} Qxc7 {[%emt 0:01:13]} 24. Rxc7 {[%emt 0:00:06]} Nb6 {[%emt 0:00:23]} 25. a5 {[%emt 0:01:34]} Na4 {[%emt 0:01:33]} 26. Nc4 {[%emt 0:02:46]} Rec8 {[%emt 0:01:16]} 27. Rxc8+ {[%emt 0:00:47]} Rxc8 {[%emt 0:00:07]} 28. Nxe5 {[%emt 0:00:19]} Nc3 {[%emt 0:00:43]} 29. f3 {[%emt 0:00:48]} Ne2+ {[%emt 0:00:49]} 30. Kf2 {[%emt 0:01:51]} Rc2 {[%emt 0:01:40]} 31. Ke3 {[%emt 0:00:23]} Nxg3 {[%emt 0:00:37]} 32. Rc1 {[%emt 0:00:21] normal} Re2+ {[%emt 0:01:36] normal} 33. Kf4 {[%emt 0:01:53] normal} Rxe4+ {[%emt 0:00:37]} 34. fxe4 {[%emt 0:00:40] normal} 1-0